PSYCHO- ACOUSTICS FACTS AND MODELS (Record no. 23670)

MARC details
000 -LEADER
fixed length control field 00623nam a22002297a 4500
003 - CONTROL NUMBER IDENTIFIER
control field SGT
020 ## - INTERNATIONAL STANDARD BOOK NUMBER
International Standard Book Number 9783540231592
082 ## - DEWEY DECIMAL CLASSIFICATION NUMBER
Classification number 617.8
Item number P07F
100 ## - MAIN ENTRY--PERSONAL NAME
Personal name FASTL, HUGO
245 ## - TITLE STATEMENT
Title PSYCHO- ACOUSTICS FACTS AND MODELS
250 ## - EDITION STATEMENT
Edition statement 3RD
260 ## - PUBLICATION, DISTRIBUTION, ETC. (IMPRINT)
Place of publication, distribution, etc NEW YORK
Name of publisher, distributor, etc SPRINGER PUB
Year of Publication 2007
300 ## - PAGE DESCRIPTION
No. of Pages 462
650 ## - SUBJECT ADDED ENTRY--TOPICAL TERM
Topical term or geographic name as entry element AUDIOLOGY
653 ## - KEYWORDS--INDEX TERM
Keyword term PSYCHO- ACOUSTICS FACTS AND MODELS
653 ## - KEYWORDS--INDEX TERM
Keyword term HEARING AREA
653 ## - KEYWORDS--INDEX TERM
Keyword term MASKING OF PURE TONES BY NOSE
653 ## - KEYWORDS--INDEX TERM
Keyword term INFORMATIONPROCESSING IN THE AUDITORY SYSTEM
653 ## - KEYWORDS--INDEX TERM
Keyword term PITCH AND PITCH STRENGTH
653 ## - KEYWORDS--INDEX TERM
Keyword term CRITICAL BANDS AND EXCITATION
942 ## - ADDED ENTRY ELEMENTS (KOHA)
Source of classification or shelving scheme Dewey Decimal Classification
Koha item type Books
Holdings
Withdrawn status Lost status Source of classification or shelving scheme Damaged status Not for loan Collection code Home library Current library Shelving location Date acquired Vendor Name Cost, normal purchase price SGTU Bill Number Total Checkouts Full call number Accession No. (Barcode) Date last seen Bill Date Koha item type
    Dewey Decimal Classification   Not For Loan MEDICAL SGT Medical Library SGT Medical Library Reference Book 04/01/2023 ADWELL BOOK COMPNY 6727.00 SGTU 1781   617.8 P07F FM13468 05/01/2023 01/12/2022 Books